000 00475nam a2200169Ia 4500
999 _c5584
_d5584
003 OSt
005 20200118124654.0
008 190216s9999||||xx |||||||||||||| ||und||
040 _coclc
082 _a658.8
_bSHE/M
100 _aSherlekar, S A
_91234
245 0 _aMarketing Management /
_cS A Sherlekar
250 _a12th ed.
260 _bHimalaya Publishing House
_c1996.
_aBombay:
300 _a556p
942 _cBK
_2ddc
_h658.8
_iSHE/M
_k658.8
_mSHE/M